=LDR 00000nam 2200000 4500 =001 INLIS000000000034287 =005 20170310102224.0 =006 =007 =008 ind =035 ##$$0010-061300000034287 =041 ##$$a ind =082 ##$$a 371. 803 =090 ##$$a 372. 803, Suw k =100 ##$$a Suwarno =245 ##$$a Kamus pintar bergambar, Serangga, Suwarno editor, Gartika Rahmasari, Agus Jakaria =260 ##$$a [20?...] $b Bandung =300 ##$$a 36 hlm, ilus, 25 cm =650 ##$$a PEndidikan dasar serangga kamus =650 ##$$a Rahmasari, Gartika, Jakaria , Agus =850 ##$$a NBPNMAT =990 ##$$a 21601917/BPAP-NTB/2017 =990 ##$$a 21602278/BPAP-NTB/2017